LEADER 01132cam0 2200277 450 001 E600200052139 005 20160304102531.0 100 $a20090727d1962 |||||ita|0103 ba 101 $aita 102 $aIT 200 1 $aPossessio, possessor, possidere nelle fonti giuridiche del basso impero romano$econtributo allo studio del sistema dei rapporti reali nell'epoca postclassica$fCarlo Augusto Cannata 210 $aMilano$cGiuffrè$d1962 215 $aVII, 197 p.$d25 cm 225 2 $aFondazione Guglielmo Castelli$v31 300 $a(mm) 410 1$1001LAEC00026726$12001 $a*Fondazione Guglielmo Castelli$v31 700 1$aCannata$b, Carlo Augusto$3A600200031583$4070$0231438 801 0$aIT$bUNISOB$c20160304$gRICA 850 $aUNISOB 852 $aUNISOB$jFondo|Casavola$m145129 912 $aE600200052139 940 $aM 102 Monografia moderna SBN 941 $aM 957 $aFondo|Casavola$b000695$gSi$d145129$hCasavola$rdono$1menle$2UNISOB$3UNISOB$420090727074624.0$520160304102531.0$6petrellap 996 $a"Possessio" "possessor" "possidere" nelle fonti giuridiche del basso impero romano$9646105 997 $aUNISOB